Triste - Bryant Myers, Bad Bunny - Estadísticas

Estadísticas generales
  • Esta prueba ha sido intentada 319 veces
  • La puntuación promedio es 377 de 481
Estadísticas de respuestas
Letra % Correcto
y
99%
a
98%
es
98%
me
96%
Me
96%
de
94%
que
94%
Que
94%
94%
94%
tu
94%
mi
93%
93%
te
93%
Te
93%
en
91%
Triste
91%
triste
91%
si
90%
la
89%
lo
89%
no
89%
No
89%
pienso
89%
mis
88%
pero
88%
Tal
88%
vez
88%
con
86%
cuando
86%
Cuando
86%
esto
86%
mami
86%
digo
85%
está
85%
extraño
85%
juré
85%
las
85%
los
85%
Los
85%
olvido
85%
siento
85%
to'
85%
yo
85%
Yo
85%
cumplí
84%
estoy
84%
fumando
84%
nada
84%
nunca
84%
tus
84%
curé
83%
he
83%
heridas
83%
pensamientos
83%
roto
83%
vienes
83%
el
81%
El
81%
otro
81%
Ya
81%
ya
81%
chingas
80%
79%
79%
se
79%
nosotros
78%
para
78%
Solo
78%
solo
78%
ti
78%
arreglar
77%
recuerdos
77%
tengo
77%
puedo
75%
hay
74%
Sin
74%
un
74%
por
73%
Por
73%
remedio
73%
tanto
73%
Tantos
72%
siempre
70%
mente
69%
polvos
69%
paso
68%
muerdo
67%
San
67%
depre-
65%
queda
65%
verdad
65%
cosas
64%
echamos
64%
esposa
64%
Juan
64%
millón
64%
Pensando
64%
caigo
63%
rosa
63%
Ahora
62%
ahora
62%
alma
62%
bien
62%
borrarlos
62%
Caminando
62%
cine
62%
Diablo
62%
M3
62%
parte
62%
prometí
62%
adoquines
60%
hacerte
60%
pétalos
60%
última
60%
amor
59%
contigo
59%
Contigo
59%
jodí
59%
juro
59%
secuestre
59%
vine
59%
bellaqueos
58%
aguantarlos
57%
concentrarme
57%
venga
57%
culpa
56%
miento
56%
del
54%
quiero
54%
termine
54%
fe
53%
semestre
53%
atrás
52%
mentí
52%
porque
52%
corazón
51%
dolor
51%
jodió
51%
quedan
51%
Aparento
49%
asiento
49%
espinas
49%
perdiste
49%
amé
48%
mismo
48%
desola'
47%
lugar
47%
Rondando
47%
oscuridad
46%
patines
44%
fallado
43%
imaginado
43%
Contando
42%
hubiera
42%
enrola
41%
causar
40%
encontrado
40%
iba
40%
acuerdas
38%
café
38%
haberte
38%
perdido
38%
ahí
37%
reencuentro
36%
una
36%
besos
35%
deshacerme
35%
dicen
35%
mañanas
35%
estafé
33%
tazas
33%
bellaqueábamos
32%
seta
30%
escarmiento
28%
sirvió
27%
perderte
25%
parque
22%
yeh
19%
dañé
17%
también
17%
Tirar
17%
No se encontraron pruebas coincidentes
Distribución de puntuación
Porcentaje de gente con cada puntuación
Porcentaje por número respondido
Historial de tus puntuaciones
No has intentado esta prueba.